How to manage people
Αποθηκεύτηκε σε:
| Κύριος συγγραφέας: | |
|---|---|
| Μορφή: | Βιβλίο |
| Γλώσσα: | English |
| Δημοσίευση: |
London :
Hutchinson,
1987
|
| Σειρά: | Better business guides
|
| Θέματα: | |
| Ετικέτες: |
Προσθήκη ετικέτας
Δεν υπάρχουν, Καταχωρήστε ετικέτα πρώτοι!
|
MARC
| LEADER | 00000nam a2200000 i 4500 | ||
|---|---|---|---|
| 001 | 1/38407 | ||
| 008 | 960315s1987 eng d | ||
| 020 | |a 0091722519 | ||
| 035 | |l 10024856 | ||
| 040 | |a GR-MY-UA |b gre |e aacr | ||
| 041 | 0 | |a eng | |
| 082 | 0 | |a 658.3 | |
| 100 | 1 | |a Johnson, Ron. | |
| 245 | 1 | 0 | |a How to manage people / |c Ron Johnson |
| 260 | |a London : |b Hutchinson, |c 1987 | ||
| 300 | |a 228 p. | ||
| 490 | 1 | |a Better business guides | |
| 650 | 0 | 0 | |a Personnel management. |
| 830 | 0 | |a Better business guides | |
| 852 | |a INST |b CHIOS |e 19960315 |h 658.3 RON |p 005200004468 |q 005200004468 |t BK |y 0 | ||
| 909 | |a Χ |b 010506 | ||